Quiz o Kolumbii - Statystyki

Ogólne statystyki
  • Ten quiz został rozwiązany 7 007 razy
  • Średni wynik to 12 z 18
Statystyki odpowiedzi
Wskazówka Odpowiedź % Poprawnych
Język oficjalny Hiszpański
97%
Państwa graniczące z Kolumbią Brazylia
96%
Państwa graniczące z Kolumbią Wenezuela
94%
Państwa graniczące z Kolumbią Peru
92%
Państwa graniczące z Kolumbią Ekwador
90%
Stolica Kolumbii Bogota
87%
Państwa graniczące z Kolumbią Panama
82%
Waluta Peso
80%
Kolumbia leży na tej głównej linii szerokości geograficznej Równik
80%
Słynny handlarz narkotyków z tego miasta, który przed śmiercią był wart 30 miliardów dolarów Pablo Escobar
74%
Morze na północy, z którym graniczy Kolumbia Morze Karaibskie
70%
Piosenkarka pop, której biodra nie kłamią Shakira
67%
Kolumbia dostaje tego więcej niż jakikolwiek inny kraj na świecie, 324 cm rocznie Deszcz
60%
Drugie najbardziej zaludnione miasto Medellín
46%
Dawne państwo (w latach 1819-1830), które składało się z Kolumbii i jej sąsiadów {Wielka} Kolumbia
40%
Trzecie najbardziej zaludnione miasto Cali
28%
Pierwszy prezydent tego państwa, znany jako "Wyzwoliciel” Simón Bolívar
23%
Laureat Nagrody Nobla autor "Stu lat samotności” Gabriel García Márquez
10%
Nie znaleziono quizów pasujących do podanych kryteriów
Rozkład punktacji
Procent ludzi z każdym wynikiem
Percentyl według liczby udzielonych odpowiedzi
Twoja historia wyników
Nie rozwiązałeś tego quizu